Concelhos de Leiria - Statistics

Estatísticas Gerais
  • Esse quiz foi jogado 225 vezes
  • A pontuação média é 11 de 16
Estatísticas das Respostas
Resposta % Correto
Leiria
98%
Peniche
84%
Marinha Grande
82%
Nazaré
82%
Alcobaça
81%
Caldas da Rainha
76%
Pombal
76%
Batalha
74%
Óbidos
73%
Bombarral
66%
Pedrógão Grande
66%
Porto de Mós
59%
Castanheira de Pera
56%
Figueiró dos Vinhos
55%
Ansião
51%
Alvaiázere
49%
Nenhum quiz correspondente encontrado
Distribuição das Pontuações
Porcentagem de Pessoas com Cada Pontuação
Percentil de Números Respondidos
Sua Pontuação Histórica
Você não jogou esse quiz